It looks like you're offline.
Open Library logo
additional options menu

MARC Record from Library of Congress

Record ID marc_loc_2016/BooksAll.2016.part18.utf8:23065487:567
Source Library of Congress
Download Link /show-records/marc_loc_2016/BooksAll.2016.part18.utf8:23065487:567?format=raw

LEADER: 00567cam a2200205 a 4500
001 87047584
003 DLC
005 20141002074919.0
008 870505s1987 onc 000 1 eng
010 $a 87047584
020 $a0553052381
040 $aDLC$cDLC$dDLC
050 00 $aPS3552.E542$bG7 1987
082 00 $a813/.54$219
100 1 $aBenford, Gregory,$d1941-
245 10 $aGreat sky river /$cGregory Benford.
260 $aToronto ;$aNew York :$bBantam Books,$c1987.
300 $ax, 326 p. ;$c24 cm.
490 0 $aA Bantam spectra book
655 7 $aScience fiction.$2gsafd